Un Libro | Alex Rodriguez\ Un Posillo | Jose Olano\ Una Pina | Juan Sebastian Peláez/ (Record no. 2980)

MARC details
000 -LEADER
campo de control de longitud fija 00863nam a22002417a 4500
003 - IDENTIFICADOR DE NÚMERO DE CONTROL
campo de control OSt
005 - FECHA Y HORA DE LA ÚLTIMA TRANSACCIÓN
campo de control 20230127145817.0
008 - DATOS DE LONGITUD FIJA--INFORMACIÓN GENERAL
campo de control de longitud fija 221006b |||||||| |||| 00| 0 eng d
020 ## - NÚMERO INTERNACIONAL ESTÁNDAR DEL LIBRO
Número Internacional Estándar del Libro 978 958 48 0607 9
020 ## - NÚMERO INTERNACIONAL ESTÁNDAR DEL LIBRO
Número Internacional Estándar del Libro 978 958 48 0605 5
020 ## - NÚMERO INTERNACIONAL ESTÁNDAR DEL LIBRO
Número Internacional Estándar del Libro 978 958 48 0606 2
040 ## - FUENTE DE CATALOGACIÓN
Centro/agencia transcriptor Biblioteca Lado V
082 ## - NÚMERO DE LA CLASIFICACIÓN DECIMAL DEWEY
Número de clasificación C861.1
Número de ítem H887l
100 ## - ENTRADA PRINCIPAL--NOMBRE DE PERSONA
9 (RLIN) 694
Nombre de persona Huertas Rendón, Breyner
Término indicativo de función/relación compilador
245 ## - MENCIÓN DEL TÍTULO
Título Un Libro | Alex Rodriguez\ Un Posillo | Jose Olano\ Una Pina | Juan Sebastian Peláez/
260 ## - PUBLICACIÓN, DISTRIBUCIÓN, ETC.
Nombre del editor, distribuidor, etc. La Minuscula Ensayistica Ilustrada
Fecha de publicación, distribución, etc. 2016
Lugar de publicación, distribución, etc. Colombia
300 ## - DESCRIPCIÓN FÍSICA
Dimensiones 9x13cm
Otras características físicas 3 libros
650 ## - PUNTO DE ACCESO ADICIONAL DE MATERIA--TÉRMINO DE MATERIA
Fuente del encabezamiento o término Tesauro de Arte & Arquitectura
Término de materia o nombre geográfico como elemento de entrada POESIA
650 ## - PUNTO DE ACCESO ADICIONAL DE MATERIA--TÉRMINO DE MATERIA
Fuente del encabezamiento o término Tesauro de Arte & Arquitectura
Término de materia o nombre geográfico como elemento de entrada LITERATURA
650 ## - PUNTO DE ACCESO ADICIONAL DE MATERIA--TÉRMINO DE MATERIA
Fuente del encabezamiento o término Tesauro de Arte & Arquitectura
Término de materia o nombre geográfico como elemento de entrada ARTE ESCRITO
700 ## - ENTRADA AGREGADA--NOMBRE PERSONAL
Nombre de persona Espinel, Monica
Término indicativo de función/relación textos
942 ## - ELEMENTOS DE ENTRADA SECUNDARIOS (KOHA)
Fuente del sistema de clasificación o colocación Clasificación Decimal Dewey
Tipo de ítem Koha Libros
Parte de la signatura que corresponde a la clasificación (Parte de la clasificación) C861.1
Parte de la signatura que identifica el ejemplar (Parte del ítem) H887l
Suprimir en OPAC No
Holdings
Estatus retirado Estado de pérdida Fuente del sistema de clasificación o colocación Estado de daño No para préstamo Biblioteca de origen Biblioteca actual Ubicación en estantería Fecha de adquisición Número de inventario Total de préstamos Signatura topográfica completa Código de barras Visto por última vez Precio de reemplazo Tipo de ítem Koha
    Clasificación Decimal Dewey     Biblioteca LadoV Biblioteca LadoV Mapoteca 27/01/2023 005085   C861.1 H887l 005085 27/01/2023 27/01/2023 Libros
    Clasificación Decimal Dewey     Biblioteca LadoV Biblioteca LadoV Mapoteca 27/01/2023 005086   C861.1 H887l 005086 27/01/2023 27/01/2023 Libros